| 000 | 01309cam a2200397 i 4500 | ||
|---|---|---|---|
| 001 | data | ||
| 005 | 20260322212108.0 | ||
| 008 | data | ||
| 035 | _a19467651 | ||
| 906 |
_a7 _bcbc _corigres _d3 _encip _f20 _gy-gencatlg |
||
| 925 | 0 |
_aacquire _b1 shelf copy _xpolicy default |
|
| 010 | _a 2016509489 | ||
| 020 |
_a9783941360549 _qpbk. |
||
| 020 |
_a394136054X _qpbk. |
||
| 040 |
_aDLC _beng _cDLC _erda _dDLC |
||
| 042 | _apcc | ||
| 050 | 0 | 0 |
_aHB701 _b.L764 2016 |
| 100 | 1 |
_aLoick, Daniel, _eauthor. |
|
| 245 | 1 | 4 |
_aDer Missbrauch des Eigentums / _cDaniel Loick. |
| 264 | 1 |
_aBerlin : _bAugust Verlag, _c[2016] |
|
| 300 |
_a143 pages ; _c16 cm. |
||
| 336 |
_atext _2rdacontent |
||
| 337 |
_aunmediated _2rdamedia |
||
| 338 |
_avolume _2rdacarrier |
||
| 490 | 0 |
_aKleine Edition (Berlin, Germany) ; _v21 |
|
| 504 | _aIncludes bibliographical references. | ||
| 650 | 0 | _aProperty. | |
| 650 | 0 | _aRight of property. | |
| 650 | 0 |
_aProperty _xSocial aspects. |
|
| 650 | 0 | _aAcquisition of property. | |
| 650 | 0 | _aPersonal property. | |
| 650 | 0 |
_aProperty _xPolitical aspects. |
|
| 923 |
_d20170113 _n0127707 _sGyWOH |
||
| 985 | _eVENDOR LOAD | ||
| 999 |
_c1593 _d1593 |
||